| 000 | 00358nam a2200133Ia 4500 | ||
|---|---|---|---|
| 005 | 20251222143148.0 | ||
| 008 | 251222s9999||||xx |||||||||||||| ||spa|| | ||
| 020 | _a84-7908-378-6 | ||
| 082 | _a622.334/A37 | ||
| 100 | _aAlcañiz Monge, Juan | ||
| 245 | 0 | _aFibras de Carbón: | |
| 264 | _bSecretariado de Publicaciones Universidad de Alicante | ||
| 942 | _cLIB | ||
| 999 |
_c12592 _d12592 |
||